| 000 | 01112nam a22002417a 4500 | ||
|---|---|---|---|
| 005 | 20100807161717.0 | ||
| 010 | _aHIN-90069 | ||
| 020 |
_c160.00 _a9788177099379 |
||
| 035 | _aHN-62415 | ||
| 037 | _bDBAD / PUB | ||
| 082 | _a342 | ||
| 100 |
_aराय, गांधीजी _911933 |
||
| 245 |
_aभारतीय संविधान के मूल सिद्धांत / _cगांधीजी राय |
||
| 246 |
_aBhartiya Sanvidhan Ke Mool Siddhanta _bby Gandhiji Rai |
||
| 260 |
_aपटना _bभारती भवन (पब्लिशर्स एण्ड डिस्ट्रीब्यूटर्स) _c2009 |
||
| 270 |
_aठाकुरबाड़ी रोड़ _bपटना _e800003 |
||
| 300 |
_a438पृ _c24सेमी (अजिल्द) _bसचित्र |
||
| 700 |
_97228 _aसंजय कुमार |
||
| 700 | _97267 | ||
| 700 | _97698 | ||
| 942 |
_adpl _cHN _k _2ddc _mरायगां _h342 |
||
| 999 |
_c40190 _d40190 |
||